Sam plants sunflower / (Record no. 48580)
| 000 -LEADER | |
|---|---|
| fixed length control field | 00297nam a2200109 4500 |
| 020 ## - INTERNATIONAL STANDARD BOOK NUMBER | |
| International Standard Book Number | 9781839941733 |
| 100 ## - MAIN ENTRY--PERSONAL NAME | |
| Personal name | Petty, Kate |
| 9 (RLIN) | 4778 |
| 245 ## - TITLE STATEMENT | |
| Title | Sam plants sunflower / |
| Statement of responsibility, etc | Kate Petty & Axel Scheffler |
| 260 ## - PUBLICATION, DISTRIBUTION, ETC. (IMPRINT) | |
| Place of publication, distribution, etc | London |
| Name of publisher, distributor, etc | Nosy Crow |
| Date of publication, distribution, etc | 2022 |
| 300 ## - PHYSICAL DESCRIPTION | |
| Extent | unpaged. |
| Other physical details | col. ill. |
| Dimensions | 25 cm. |
| 942 ## - ADDED ENTRY ELEMENTS (KOHA) | |
| Source of classification or shelving scheme | |
| Koha item type | Book |
| Withdrawn status | Lost status | Source of classification or shelving scheme | Damaged status | Not for loan | Collection code | Home library | Current library | Shelving location | Date acquired | Total Checkouts | Full call number | Barcode | Date last seen | Date checked out | Price effective from | Koha item type |
|---|---|---|---|---|---|---|---|---|---|---|---|---|---|---|---|---|
| TEACHERS' RESOURCES | Asian Hope Early Years Library | Asian Hope Early Years Library | Easy Reading | 03/12/2025 | 3 | E PET | 207101 | 02/12/2026 | 01/08/2026 | 03/12/2025 | Book |